Taylor Swift Song With No Hint #6 - Statistics

General Stats
  • This quiz has been taken 4 times
  • The average score is 289 of 419
Answer Stats
Answer % Correct
and
100%
And
100%
as
100%
be
100%
Be
100%
ever
100%
eyes
100%
for
100%
forever?
100%
forever
100%
I
100%
if
100%
If
100%
it
100%
know
100%
look
100%
me
100%
my
100%
never
100%
so
100%
Tell
100%
to
100%
who
100%
you
100%
your
100%
All
67%
all
67%
are
67%
at
67%
away
67%
Babe,
67%
baby
67%
bad
67%
Been
67%
been
67%
best
67%
But
67%
but
67%
can't
67%
could
67%
Do
67%
doesn't
67%
Don't
67%
everything
67%
girl
67%
had
67%
has
67%
have
67%
I'd
67%
I'm
67%
In
67%
in
67%
it's
67%
(Just
67%
just
67%
leave
67%
like
67%
lovers
67%
mind
67%
mine
67%
nothing
67%
of
67%
on
67%
one
67%
only
67%
right
67%
said,
67%
say
67%
say,
67%
someone
67%
stay
67%
That
67%
the
67%
their
67%
They
67%
they'd
67%
think
67%
up
67%
was
67%
We
67%
what
67%
when
67%
why
67%
would
67%
You're
67%
you're
67%
anything
33%
Athénée
33%
booth
33%
bright
33%
called
33%
Cartier
33%
cry
33%
diamonds
33%
dry
33%
Elizabeth
33%
end
33%
feel
33%
Frank's
33%
fun
33%
get
33%
glamorous
33%
"Goodbye"
33%
guys
33%
hates
33%
Hey,
33%
high
33%
hit,
33%
hit
33%
Hollywood
33%
hot
33%
hypnotized
33%
kidding)
33%
last
33%
letters
33%
lights
33%
Musso
33%
news,
33%
number
33%
NY
33%
once?
33%
Ooh,
33%
Plaza
33%
Portofino
33%
possibly
33%
Promised
33%
real
33%
Taylor
33%
"Thanks"
33%
trade
33%
trust
33%
two
33%
Under
33%
view
33%
violet
33%
white
33%
withered
33%
bloom
0%
minds
0%
oftentimes
0%
papers,
0%
screen
0%
No matching quizzes found
Score Distribution
Percent of People with Each Score
Percentile by Number Answered
Your Score History
You have not taken this quiz